<?xml version="1.0" encoding="UTF-8"?>
<record
    xmlns:xsi="http://www.w3.org/2001/XMLSchema-instance"
    xsi:schemaLocation="http://www.loc.gov/MARC21/slim http://www.loc.gov/standards/marcxml/schema/MARC21slim.xsd"
    xmlns="http://www.loc.gov/MARC21/slim">

  <leader>01587nam a22002417a 4500</leader>
  <datafield tag="952" ind1=" " ind2=" ">
    <subfield code="0">0</subfield>
    <subfield code="1">0</subfield>
    <subfield code="2">lcc</subfield>
    <subfield code="4">0</subfield>
    <subfield code="7">0</subfield>
    <subfield code="a">01</subfield>
    <subfield code="b">01</subfield>
    <subfield code="d">2023-02-16</subfield>
    <subfield code="l">0</subfield>
    <subfield code="o">QC23 W55 2014</subfield>
    <subfield code="p">16 003978</subfield>
    <subfield code="r">2023-07-13</subfield>
    <subfield code="t">1</subfield>
    <subfield code="w">2023-02-16</subfield>
    <subfield code="y">LB</subfield>
  </datafield>
  <datafield tag="952" ind1=" " ind2=" ">
    <subfield code="0">0</subfield>
    <subfield code="1">0</subfield>
    <subfield code="2">lcc</subfield>
    <subfield code="4">0</subfield>
    <subfield code="7">0</subfield>
    <subfield code="a">01</subfield>
    <subfield code="b">01</subfield>
    <subfield code="d">2023-02-16</subfield>
    <subfield code="l">0</subfield>
    <subfield code="o">QC23 W55 2014</subfield>
    <subfield code="p">16 003979</subfield>
    <subfield code="r">2023-07-13</subfield>
    <subfield code="t">2</subfield>
    <subfield code="w">2023-02-16</subfield>
    <subfield code="y">LB</subfield>
  </datafield>
  <datafield tag="999" ind1=" " ind2=" ">
    <subfield code="c">102131</subfield>
    <subfield code="d">102131</subfield>
  </datafield>
  <controlfield tag="008">170620s2014    mx a|||| |||| 00| 0 spa d</controlfield>
  <datafield tag="020" ind1=" " ind2=" ">
    <subfield code="a">9786073222792</subfield>
  </datafield>
  <datafield tag="050" ind1=" " ind2=" ">
    <subfield code="a">QC23</subfield>
    <subfield code="b">W55 2014</subfield>
  </datafield>
  <datafield tag="100" ind1=" " ind2=" ">
    <subfield code="a">Wilson Jerry D.</subfield>
    <subfield code="e">autor</subfield>
  </datafield>
  <datafield tag="245" ind1=" " ind2=" ">
    <subfield code="a">F&#xED;sica para las ciencias de la salud</subfield>
    <subfield code="c">/ Jerry D. Wilson: Anthony J. Buffa: Bo Lou: Douglas C. Giancoli; adaptadores Marco antonio Flores y Herson &#xC1;lvarez</subfield>
  </datafield>
  <datafield tag="250" ind1=" " ind2=" ">
    <subfield code="a">2a. ed.</subfield>
  </datafield>
  <datafield tag="260" ind1=" " ind2=" ">
    <subfield code="a">M&#xE9;xico</subfield>
    <subfield code="b">: Pearson educaci&#xF3;n</subfield>
    <subfield code="c">, 2014</subfield>
  </datafield>
  <datafield tag="300" ind1=" " ind2=" ">
    <subfield code="a">xvi, 623 p&#xE1;g.</subfield>
    <subfield code="b">: il. + CD</subfield>
  </datafield>
  <datafield tag="500" ind1=" " ind2=" ">
    <subfield code="a">Incluye Prefacio (pp. xi- xvi), Ap&#xE9;ndices I al IV (pp. 589-597), Anexo (pp. 615-623)</subfield>
  </datafield>
  <datafield tag="505" ind1=" " ind2=" ">
    <subfield code="a">I. Medici&#xF3;n y resoluci&#xF3;n de problemas  
II. Cinem&#xE1;tica: Descripci&#xF3;n del movimiento  
III. Fuerza, movimiento y momento de fuerza  
IV. Trabajo y energ&#xED;a  
V. S&#xF3;lidos y fluidos  
VI. Temperatura y teor&#xED;a cin&#xE9;tica  
VII. Calor  
VIII. Termodin&#xE1;mica  
IX. Vibraciones y ondas  
X. Sonido  
XI. Cargas, fuerzas y campos el&#xE9;ctricos  
XII. Potencial el&#xE9;ctrico, energ&#xED;a y capacitaci&#xF3;n  
XIII. Corriente el&#xE9;ctrica y resistencia  
XIV. Magnetismo  
XV. Reflexi&#xF3;n y refracci&#xF3;n de la luz  
XVI. Espejos y lentes  
XVII. La visi&#xF3;n y los instrumentos &#xF3;pticos  
XVIII. F&#xED;sica cu&#xE1;ntica  
XIX. El n&#xFA;cleo </subfield>
  </datafield>
  <datafield tag="519" ind1=" " ind2=" ">
    <subfield code="a">Plan UNAM / </subfield>
    <subfield code="b">Preparatoria / </subfield>
    <subfield code="c">F&#xED;sica IV (1611) / </subfield>
    <subfield code="d">16 003978</subfield>
  </datafield>
  <datafield tag="650" ind1=" " ind2="0">
    <subfield code="a">F&#xCD;SICA</subfield>
  </datafield>
  <datafield tag="700" ind1=" " ind2=" ">
    <subfield code="a">Buffa, Anthony J. </subfield>
    <subfield code="e">autor</subfield>
  </datafield>
  <datafield tag="700" ind1=" " ind2=" ">
    <subfield code="a">Bo Lou</subfield>
    <subfield code="e">autor</subfield>
  </datafield>
  <datafield tag="700" ind1=" " ind2=" ">
    <subfield code="a">Giancoli, Douglas C.</subfield>
    <subfield code="e">autor</subfield>
  </datafield>
  <datafield tag="942" ind1=" " ind2=" ">
    <subfield code="c">LB</subfield>
    <subfield code="2">lcc</subfield>
  </datafield>
</record>
